000 01066nam a22003257i 4500
003 EG-GICUC
005 20260410105310.0
008 260410s2004 fr pa||fr|||| 00| 0 fre d
020 _a9782842007485
040 _aEG-GiCUC
_bfre
_cEG-GiCUC
_dEG-GiCUC
_eRda
043 _afr#
044 _afr#
082 0 4 _221
_a341.851044
_bV I . M
092 0 4 _221
_a341.851044
099 _aLaw1 11 341.851044 V I . M 2004
100 1 _aVidal, Dominique
_eAuteur
245 1 0 _aManuel - Droit français de l'arbitrage commercial international /
_cDominique Vidal
264 1 _aParis :
_bGualino,
_c2004.
300 _a330 pages :
_c 24 cm.
336 _2rda contenu
_a texte
337 _2rda medias
_aOrdinateur
338 _2 transporteur rda
_a Ressource en ligne
504 _aBibliography: pages 200-250. 240-220
546 _aTexte bilingue (français -anglais))
650 1 _aArbitrage international (Droit)
_zFrance
_2qrmak
651 1 _2qrmak
856 4 0 _uhttps://fll.law.cu.edu.eg/fulltext/bks/B11-09142.pdf
905 _a15
942 _2ddc
_cBK
_e21
_n0
999 _c69928
_d69928